000 00878nam a2200289 i 4500
003 EG-GICUC
005 20260208114357.0
008 260208s1926 ua ||||fr ||| 00| 0 fre d
040 _aEG-GICUC
_cEG-GICUC
_dEG-GICUC
_erda
_bara
041 0 _afre
082 0 4 _221
_a341.81062
_bWE . N
092 0 4 _221
099 _aLaw1 12 341.81062 WE . N 1926
100 1 _aWee,Maurice De
_eAuteur
245 _aLa Nationalité Egyptienne /
_cMaurice De Wee .
264 0 _aAlexandrie :
_bWhitehead Morris Limited ,
_c1926 .
300 _a40 Pages;
_c30 cm.
336 _atext
_2rda content
337 _aComputer
_2rda media
338 _aOnline Resource
_2rda carrier
546 _aTexte en français
650 0 4 _aDroit International Privé
650 0 4 _aNationalité
856 _uhttps://fll.law.cu.edu.eg/fulltext/th/B12-02282.pdf
905 _a59
942 _2ddc
_cBK
_e21
_n0
999 _c61485
_d61485